| 000 | 00572nam a2200193 a 4500 | ||
|---|---|---|---|
| 005 | 20250930063847.0 | ||
| 008 | 991125 1980 mx 000 0 spa u | ||
| 020 | _a9682442362 | ||
| 035 | _aUPN01000012098 | ||
| 049 | _aCG | ||
| 050 | 4 |
_aQ180 A1 _bR6.4 |
|
| 100 | 1 |
_aRodríguez Estrada, Mauro, _d1930-2007 |
|
| 245 | 1 | 0 |
_aCreatividad en la investigación científica / _cMauro Rodríguez Estrada. |
| 260 |
_aMéxico : _bTrillas, _c[1980?]. |
||
| 300 |
_a95 p. : _bil. |
||
| 440 | 0 | _aCreatividad siglo XXI | |
| 650 | 4 |
_aInvestigación científica _96034 |
|
| 905 | _aLibro | ||
| 999 |
_c12098 _d12098 |
||